South East England - Biggest Places - Statistics

General Stats
  • This quiz has been taken 50 times
  • The average score is 48 of 100
Answer Stats
# Place Name County Population % Correct
1 Brighton & Hove East Sussex 277,106
100%
3 Portsmouth Hampshire 223,312
97%
13 Eastbourne East Sussex 99,189
93%
14 Hastings East Sussex 91,480
93%
27 Margate Kent 63,322
93%
6 Oxford Oxfordshire 170,798
93%
4 Reading Berkshire 203,808
93%
2 Southampton Hampshire 249,604
93%
10 Worthing West Sussex 111,621
93%
30 Canterbury Kent 55,087
90%
8 Crawley West Sussex 120,549
90%
19 Guildford Surrey 77,854
90%
11 Maidstone Kent 109,490
90%
52 Dover Kent 36,363
86%
7 Slough Berkshire 166,877
86%
5 Milton Keynes Buckinghamshire 197,354
79%
34 Royal Tunbridge Wells Kent 51,232
79%
88 Ash Surrey 24,279
76%
15 Aylesbury Buckinghamshire 87,967
76%
9 Basingstoke Hampshire 117,207
76%
16 High Wycombe Buckinghamshire 83,523
76%
46 Ramsgate Kent 42,027
76%
38 Winchester Hampshire 48,478
76%
67 Chichester West Sussex 31,729
72%
12 Gillingham Kent 108,483
72%
21 Woking Surrey 75,666
72%
17 Ashford Kent 82,164
69%
96 Ashford Surrey 22,808
69%
24 Bognor Regis West Sussex 68,408
69%
33 Folkestone Kent 51,991
69%
26 Rochester Kent 67,274
69%
18 Bracknell Berkshire 78,660
66%
20 Chatham Kent 76,983
66%
23 Dartford Kent 69,134
66%
22 Gosport Hampshire 70,131
66%
68 Windsor Berkshire 31,563
66%
25 Maidenhead Berkshire 67,374
62%
80 Sevenoaks Kent 26,476
62%
53 Tonbridge Kent 36,115
62%
48 Aldershot Hampshire 39,807
59%
39 Eastleigh Hampshire 48,350
59%
29 Gravesend Kent 58,102
59%
61 Abingdon-on-Thames Oxfordshire 33,175
55%
37 Andover Hampshire 48,487
55%
32 Banbury Oxfordshire 52,052
55%
28 Farnborough Hampshire 60,652
55%
71 Deal Kent 28,992
52%
41 Havant Hampshire 46,953
52%
36 Horsham West Sussex 50,223
52%
92 Reigate Surrey 23,788
52%
47 Haywards Heath West Sussex 40,184
48%
35 Wokingham Berkshire 50,320
48%
54 Epsom Surrey 35,852
45%
64 Redhill Surrey 32,508
41%
83 Broadstairs Kent 25,765
38%
93 Chesham Buckinghamshire 23,689
38%
81 East Grinstead West Sussex 26,372
38%
44 Fareham Hampshire 42,640
38%
45 Newbury Berkshire 42,265
38%
31 Sittingbourne Kent 54,392
38%
50 Bicester Oxfordshire 37,748
34%
86 Herne Bay Kent 24,875
34%
94 Shoreham-by-Sea West Sussex 23,676
34%
56 Waterlooville Hampshire 34,772
34%
43 Bexhill on Sea East Sussex 43,754
31%
57 Didcot Oxfordshire 34,598
31%
85 Newport Isle of Wight 25,407
31%
89 Ryde Isle of Wight 24,096
31%
65 Whitstable Kent 32,196
31%
69 Witney Oxfordshire 30,168
31%
51 Camberley Surrey 36,783
28%
66 Chandler's Ford Hampshire 31,976
28%
60 Burgess Hill West Sussex 33,352
24%
49 Fleet Hampshire 37,794
24%
42 Bletchley Buckinghamshire 45,006
21%
74 Egham Surrey 27,997
21%
76 Ewell Surrey 27,526
21%
78 Horley Surrey 27,076
21%
79 Walton-on-Thames Surrey 27,013
21%
99 Crowborough East Sussex 21,990
17%
75 Lancing West Sussex 27,933
17%
70 Northfleet Kent 29,890
17%
90 Ascot Berkshire 23,989
14%
97 Caterham Surrey 22,747
14%
98 Hailsham East Sussex 22,551
14%
91 Seaford East Sussex 23,865
14%
84 Thatcham Berkshire 25,547
14%
72 Totton Hampshire 28,094
14%
62 Caversham Berkshire 33,042
10%
95 Hedge End Hampshire 23,189
10%
58 Horndean Hampshire 34,040
10%
87 Lee-on-the-Solent Hampshire 24,314
7%
55 Locks Heath Hampshire 35,757
3%
63 New Haw / West Byfleet / Sheerwater Surrey 33,034
3%
73 Woodley Berkshire 28,027
3%
100 Great Bookham / Fetcham Surrey 21,659
0%
82 Larkfield Kent 26,159
0%
59 Rustington West Sussex 33,888
0%
77 Tadworth / Epsom Downs Surrey 27,088
0%
40 West Molesey Surrey 47,129
0%
No matching quizzes found
Score Distribution
Percent of People with Each Score
Percentile by Number Answered
Your Score History
You have not taken this quiz